Flagi miast na świecie. #1 - Statystyki

Ogólne statystyki
  • Ten quiz został rozwiązany 39 razy
  • Średni wynik to 9 z 20
Statystyki odpowiedzi
Obrazkowy Odpowiedź % Poprawnych
Berlin
89%
Warszawa
89%
Kraków
70%
Moskwa
70%
Wrocław
70%
Madryt
59%
Londyn
56%
Pekin
56%
Poznań
56%
Rzym
52%
Paryż
48%
Kijów
44%
Seul
41%
Nowy Jork
37%
Tokio
37%
Los Angeles
26%
Rio de Janeiro
19%
Praga
15%
Mińsk
7%
Sydney
7%
Nie znaleziono quizów pasujących do podanych kryteriów
Rozkład punktacji
Procent ludzi z każdym wynikiem
Percentyl według liczby udzielonych odpowiedzi
Twoja historia wyników
Nie rozwiązałeś tego quizu